00510nam a2200145Ia 4500001001000000003000500010008004100015010001100056040000900067100001800076245015700094300001200251500004600263650005500309Para_3250CHAP220125s1965 xx 000 0 und d a201712 cCHAP aStover, R. H. aLeaf spot of bananas caused by Mycosphaerella musicola :b effect of temperature on germination, hyphal growth, and conidia production /c R. H. Stover a351-360 aSobretiro de: Tropical agriculture 42 (4) aPlátano x Enfermedades Mycosphaerella musicola